000 00488nam a2200181 i 4500
001 80208
003 ES-MaACL
005 20250807013017.0
007 t|
008 041027s1978 sp |||| | spa d
245 0 0 _aEnsayo sobre historia de Canarias.
_n1 /
_cJosé A. Alemán ... [et al.].
260 _a[Madrid] :
_bJB,
_c[1978]
300 _a127 p. ;
_c18 cm.
650 4 _a
_9241634
700 1 _aAlemán, José A.
_919713
852 _aES-MaACL
_jA-9661
999 _c80208
_d80208